000 01578nam0a2200325 4500
001 RU\NLR\bibl\1203694
005 20260405141545.0
010 _a978-5-691-01629-5
_920000
021 _aRU
_b2008-5360
_9287
035 _a(NLR Aleph) 001190180
090 _a1712361
_c1712361
100 _a20080320d2008 |||y0rusy50 ca
101 0 _arus
102 _aRU
105 _aa |||||||||
200 1 _aГрафика натюрморта
_eучебное пособие для студентов высших учебных заведений, обучающихся по направлению подготовки дипломированных специалистов "Художественное проектирование изделий текстильной и легкой промышленности"
_fН.П. Бесчастнов
210 _aМосква
_cВЛАДОС
_d2008
215 _a255 с., [24] л. цв. ил.
_cил.
_d23
225 1 _aИзобразительное искусство
320 _aБиблиогр. в подстроч. прим.
606 1 _aНатюрморт
_jУчебные издания для высших учебных заведений
_xв графике
_92513533
_3RU\NLR\auth\661489885
686 _aЩ153(0)-477
700 1 _4070
_7ca
_8rus
_aБесчастнов
_bН. П.
_f1951-
_gНиколай Петрович
_940534
_3RU\NLR\AUTH\7757602
801 0 _aRU
_bNLR
_c20080320
_gRCR
801 1 _aRU
_bNLR
_c20080320
830 _aавт. по кн.
942 _cBOOK
980 _aNB